Farby predávajú!
Farebné riešenie interiéru predajne na zaujatie zákazníka. Psychologické pôsobenie rôznych farieb na spotrebiteľov a ich správne použitie (červenej, modrej, prírodných a kombinovaných farieb).
Gespeichert in:
| 1. Verfasser: | |
|---|---|
| Format: | Buchkapitel |
| Sprache: | Slowakisch |
| Schlagworte: | |
| Tags: |
Keine Tags, Fügen Sie das erste Tag hinzu!
|
MARC
| LEADER | 00000naa a2200000 4500 | ||
|---|---|---|---|
| 001 | r038010 | ||
| 005 | 20231003110943.7 | ||
| 041 | 0 | |a slo | |
| 044 | |a SK | ||
| 245 | 1 | 0 | |a Farby predávajú! |c Eva Pilarčíková |
| 520 | |a Farebné riešenie interiéru predajne na zaujatie zákazníka. Psychologické pôsobenie rôznych farieb na spotrebiteľov a ich správne použitie (červenej, modrej, prírodných a kombinovaných farieb). | ||
| 610 | 2 | 0 | |a psychológia predaja |
| 610 | 2 | 0 | |a psychológia reklamy |
| 610 | 2 | 0 | |a prostriedky reklamné |
| 610 | 2 | 0 | |a farby |
| 610 | 2 | 0 | |a propagácia |
| 610 | 2 | 0 | |a predajne |
| 100 | 1 | |a Pilarčíková, Eva | |